000
00189 a2200085 4500
245
_a
POEMS OF BEN JONSON
_h
Text
100
_a
JOHNSTON AND GEORGE BURKE
650
_a
literature
005
20191021095058.0
084
_a
NONE
999
_c
11792
_d
11792